Includes bibliographies (Record no. 15375)

000 -LEADER
fixed length control field 00588nam a22002171 4500
001 - CONTROL NUMBER
control field 15375
003 - CONTROL NUMBER IDENTIFIER
control field BD-DhUET
008 - FIXED-LENGTH DATA ELEMENTS--GENERAL INFORMATION
fixed length control field 731030m19621966njua b 000 0 eng
040 ## - CATALOGING SOURCE
Original cataloging agency DLC
Transcribing agency DLC
Modifying agency BD-DhUET
082 00 - DEWEY DECIMAL CLASSIFICATION NUMBER
Classification number 543
Item number FUR/1966
100 ## - MAIN ENTRY--PERSONAL NAME
Personal name Furman, N. Howell
245 00 - TITLE STATEMENT
Title Includes bibliographies
250 ## - EDITION STATEMENT
Edition statement 6th ed.
260 ## - PUBLICATION, DISTRIBUTION, ETC. (IMPRINT)
Place of publication, distribution, etc. New York
Name of publisher, distributor, etc. Van Nostrand Reinhold
Date of publication, distribution, etc. 1966
300 ## - PHYSICAL DESCRIPTION
Extent xi, (975-2018)p.
Other physical details ill.
500 ## - GENERAL NOTE
General note Vol.3 (Instrumental methods)
Part. B
504 ## - BIBLIOGRAPHY, ETC. NOTE
Bibliography, etc Includes bibliographies
650 #0 - SUBJECT ADDED ENTRY--TOPICAL TERM
Topical term or geographic name as entry element Chemistry, Analytic
700 ## - ADDED ENTRY--PERSONAL NAME
Personal name Welcher, Frank J.
942 ## - ADDED ENTRY ELEMENTS (KOHA)
Koha item type Edited Book
Holdings
Piece designation (barcode) Koha full call number Copy number Damaged status Location (home branch) Sublocation or collection (holding branch) Not for loan Withdrawn status Lost status Price effective from Koha normalized classification for sorting Date acquired Source of classification or shelving scheme Shelving location Koha date last seen Koha item type
28818543/FUR/19661 Central Library, BUETCentral Library, BUET   2015-03-12543_000000000000000_FUR_19662015-03-12 Circulation section2015-03-12Edited Book
28828543/FUR/19662 Central Library, BUETCentral Library, BUET   2015-03-12543_000000000000000_FUR_19662015-03-12 Circulation section2015-03-12Edited Book
28836543/FUR/19664 Central Library, BUETCentral Library, BUET   2015-03-12543_000000000000000_FUR_19662015-03-12 Circulation section2015-03-12Edited Book
28831543/FUR/19665 Central Library, BUETCentral Library, BUET   2015-03-12543_000000000000000_FUR_19662015-03-12 Circulation section2015-03-12Edited Book
38894543/FUR/19666 Central Library, BUETCentral Library, BUET   2015-03-12543_000000000000000_FUR_19662015-03-12 Circulation section2015-03-12Edited Book
28827543/FUR/19667 Central Library, BUETCentral Library, BUET   2015-03-12543_000000000000000_FUR_19662015-03-12 Circulation section2018-02-20Edited Book
28837543/FUR/19668 Central Library, BUETCentral Library, BUET   2015-03-12543_000000000000000_FUR_19662015-03-12 Circulation section2015-03-12Edited Book
28826543/FUR/19669 Central Library, BUETCentral Library, BUET   2015-03-12543_000000000000000_FUR_19662015-03-12 Circulation section2015-03-12Edited Book
28832543/FUR/196610 Central Library, BUETCentral Library, BUET   2015-03-12543_000000000000000_FUR_19662015-03-12 Circulation section2015-03-12Edited Book